Champions League of Legends, personnages de la même famille - Statistiques

Statistiques générales
  • Ce quiz a été pris 195 fois
  • Le résultat moyen est 28 sur 45
Statistiques - réponses
Lien Champion % Correct
Soeur Vi
95%
Soeur Jinx
93%
Frère Garen
86%
Soeur Lux
85%
Frère Yasuo
83%
Frère Yone
83%
Mari Viego
81%
Oncle Viego
81%
A un fragment de l'âme de sa femme Senna
80%
Femme Senna
80%
Créateur présumé Viktor
80%
Mari Lucian
79%
Robot Blitzcrank
78%
Frère Darius
77%
Soeur Katarina
73%
Couple Rakan
70%
Couple Xayah
69%
Frère Draven
68%
Petite cousine Ashe
64%
Femme Ashe
64%
Fille Kai'Sa
64%
Moitié de Kindred Loup
64%
Mari Tryndamere
64%
Père Kassadin
62%
Moitié de Kindred Agneau
61%
Soeur Cassiopeia
61%
Ancêtre Azir
59%
Soeur Kayle
58%
Descendante Sivir
58%
Grande tante Lissandra
56%
Soeur Morgana
56%
Petite cousine Sejuani
56%
A un fragment de l'âme de sa femme Gwen
55%
Nièce Kalista
52%
Frère adoptif Talon
52%
Frère Nasus
48%
Frère Renekton
46%
Frère Volibear
44%
Frère Ornn
42%
Soeur Anivia
41%
Grand Oncle (non confirmé mais fortement suspecté) Vladimir
38%
Frère Aphelios
31%
Soeur Alune
15%
Figure paternelle Udyr
12%
Fille "adoptive" Sejuania
1%
Aucun quiz correspondant
Distribution des résultats
% des personnes avec chaque résultat
Percentile par nombre de réponses
Votre historique - résultats
Vous n’avez pas pris ce quiz